000 00566nam a2200229Ia 4500
003 OSt
005 20221005125952.0
006 a|||||r|||| 00| 0
007 ta
008 221004b |||||||| |||| 00| 0 eng d
024 _a118248
037 _cTextual
040 _aCRL
_cCRL
_beng
041 _2eng
_aeng
100 _aBourne L E
_9637396
245 0 _aPsychology
_b Its principal & meaning
260 _c1973
650 _aPSYCHOLOGY
700 _a Ekstrand B R
_9637397
942 _cTEXL
_2cc
999 _c1055655
_d1055655